[Event "LLO18/19"]
[Site "Mecklenburg-Vorpommern"]
[Date "2019.03.24"]
[Round "8.3"]
[White "Petrow, Jonas"]
[Black "Vietinghoff, Klaus"]
[Result "1-0"]
[WhiteElo "1611"]
[BlackElo "1694"]
[PlyCount "68"]
[EventDate "2018.??.??"]
[EventType "team-tourn"]
[EventRounds "9"]
[EventCountry "GER"]
[WhiteTeam "Makkabi Rostock"]
[BlackTeam "FHSG Stralsund II"]
[WhiteTeamCountry "GER"]
[BlackTeamCountry "GER"]

1. d4 f5 2. c4 Nf6 3. Nc3 e6 4. Nf3 Be7 5. Bf4 d5 6. e3 O-O 7. a3 c6 8. Bd3
Nbd7 9. b4 Ne4 10. Qc2 Ndf6 11. h3 Nxc3 12. Qxc3 Ne4 13. Qc2 g5 14. Be5 Bf6 15.
c5 Bxe5 16. Nxe5 h5 17. Bxe4 dxe4 18. Qe2 Qe8 19. h4 g4 20. g3 a5 21. Kd2 Qd8
22. Qc4 Qd5 23. Rhb1 Rd8 24. Kc3 Kg7 25. b5 Bd7 26. bxc6 Bxc6 27. Rb6 Qxc4+ 28.
Kxc4 Bd5+ 29. Kb5 Rdc8 30. Rb1 a4 31. Rb4 Bb3 32. Rxb7+ Kg8 33. Nd7 Kh8 34. Nb6
Rab8 1-0

[Event "LLO18/19"]
[Site "Mecklenburg-Vorpommern"]
[Date "2019.03.24"]
[Round "8.4"]
[White "Manke, Karsten"]
[Black "Roeste, Stein"]
[Result "1/2-1/2"]
[WhiteElo "1719"]
[BlackElo "1538"]
[PlyCount "47"]
[EventDate "2018.??.??"]
[EventType "team-tourn"]
[EventRounds "9"]
[EventCountry "GER"]
[WhiteTeam "FHSG Stralsund II"]
[BlackTeam "Makkabi Rostock"]
[WhiteTeamCountry "GER"]
[BlackTeamCountry "GER"]

1. e4 c5 2. Nf3 e6 3. d4 cxd4 4. c3 d3 5. Bxd3 Nc6 6. Bf4 d6 7. Nbd2 a6 8. a4
Nf6 9. h3 Be7 10. O-O O-O 11. Re1 Nd7 12. Nc4 Nb6 13. Nxb6 Qxb6 14. Qc2 e5 15.
Be3 Qc7 16. Nd2 Be6 17. Nc4 Bxc4 18. Bxc4 Na5 19. Bd5 Rac8 20. f3 Bh4 21. Red1
Rfd8 22. Kh2 Nc4 23. Bxc4 Qxc4 24. a5 1/2-1/2

[Event "LLO18/19"]
[Site "Mecklenburg-Vorpommern"]
[Date "2019.03.24"]
[Round "8.5"]
[White "Tovmasyan, Minas"]
[Black "Jabbusch, Burkhard"]
[Result "1-0"]
[WhiteElo "1518"]
[BlackElo "1631"]
[PlyCount "95"]
[EventDate "2018.??.??"]
[EventType "team-tourn"]
[EventRounds "9"]
[EventCountry "GER"]
[WhiteTeam "Makkabi Rostock"]
[BlackTeam "FHSG Stralsund II"]
[WhiteTeamCountry "GER"]
[BlackTeamCountry "GER"]

1. d4 d5 2. c4 c6 3. Nf3 e6 4. Nc3 f5 5. Bf4 Nf6 6. c5 Be7 7. h3 O-O 8. a3 Ne4
9. Qc2 b6 10. b4 bxc5 11. bxc5 Qa5 12. Rc1 Qxa3 13. e3 Nd7 14. Be2 Qa5 15. O-O
h6 16. Na4 Bf6 17. Ra1 g5 18. Bh2 e5 19. Nb6 Qc3 20. Qxc3 Nxc3 21. Nxa8 Nxe2+
22. Kh1 exd4 23. exd4 Nxd4 24. Rxa7 Nb5 25. Ra2 Bb7 26. Nb6 Nxc5 27. Ne5 Rd8
28. Rc1 Ne4 29. Nxc6 Rd6 30. Bxd6 Nexd6 31. Nxd5 Bg7 32. Ndb4 Kh7 33. f3 h5 34.
Nd8 g4 35. Nxb7 Nxb7 36. fxg4 fxg4 37. Nd5 Nd4 38. Nc7 Nd6 39. Ra7 Kg6 40. Ra6
N4f5 41. Ne8 Be5 42. Rcc6 Ng3+ 43. Kh2 Ne2+ 44. g3 Bxg3+ 45. Kg2 h4 46. Rxd6+
Kf7 47. Rf6+ Kxe8 48. Rfe6+ 1-0

[Event "LLO18/19"]
[Site "Mecklenburg-Vorpommern"]
[Date "2019.03.24"]
[Round "8.7"]
[White "Roeste, Hugo"]
[Black "Boettner, Oliver"]
[Result "1/2-1/2"]
[WhiteElo "1439"]
[BlackElo "1504"]
[PlyCount "81"]
[EventDate "2018.??.??"]
[EventType "team-tourn"]
[EventRounds "9"]
[EventCountry "GER"]
[WhiteTeam "Makkabi Rostock"]
[BlackTeam "FHSG Stralsund II"]
[WhiteTeamCountry "GER"]
[BlackTeamCountry "GER"]

1. d4 d5 2. c4 e6 3. Nc3 c6 4. Nf3 Bd6 5. e3 f5 6. Qc2 Nf6 7. Be2 O-O 8. O-O
Ne4 9. cxd5 cxd5 10. Nxe4 dxe4 11. Nd2 Nc6 12. f4 Bd7 13. a3 Rc8 14. Qd1 Rf7
15. b4 g5 16. Nc4 Bc7 17. g3 g4 18. Kf2 b5 19. Ne5 Nxe5 20. dxe5 Bb6 21. Bb2 h5
22. Rc1 Qe8 23. Rxc8 Bxc8 24. Qb1 a6 25. Rd1 Rd7 26. Rxd7 Qxd7 27. Qd1 Kf7 28.
Qxd7+ Bxd7 29. Bc3 Bc6 30. Bd1 Bd5 31. Bd2 Ke7 32. Bc2 Kd7 33. Ke1 Kc6 34. Kd1
Bc4 35. Kc1 Kd5 36. Kb2 Bd3 37. Bb3+ Bc4 38. Kc3 a5 39. Bxc4+ bxc4 40. Bc1 a4
41. Bd2 1/2-1/2

[Event "LLO18/19"]
[Site "Mecklenburg-Vorpommern"]
[Date "2019.03.24"]
[Round "8.1"]
[White "Windjaeger, Gerd"]
[Black "Hoerhold, Martin"]
[Result "1/2-1/2"]
[WhiteElo "1935"]
[BlackElo "1798"]
[PlyCount "36"]
[EventDate "2018.??.??"]
[EventType "team-tourn"]
[EventRounds "9"]
[EventCountry "GER"]
[WhiteTeam "Motor Wolgast"]
[BlackTeam "SG Neubrandenburg II"]
[WhiteTeamCountry "GER"]
[BlackTeamCountry "GER"]

1. d4 Nf6 2. Nf3 g6 3. Nc3 Bg7 4. e4 d6 5. Be2 c6 6. O-O O-O 7. h3 Qc7 8. a4 a5
9. Be3 Na6 10. Nd2 e5 11. dxe5 dxe5 12. Nc4 Rd8 13. Qc1 Rd4 14. Bxd4 exd4 15.
e5 dxc3 16. exf6 Bxf6 17. bxc3 b5 18. axb5 cxb5 1/2-1/2

[Event "LLO18/19"]
[Site "Mecklenburg-Vorpommern"]
[Date "2019.03.24"]
[Round "8.2"]
[White "Leisner, Ekkehardt"]
[Black "Reinke, Thomas"]
[Result "1/2-1/2"]
[WhiteElo "1787"]
[BlackElo "1933"]
[PlyCount "70"]
[EventDate "2018.??.??"]
[EventType "team-tourn"]
[EventRounds "9"]
[EventCountry "GER"]
[WhiteTeam "SG Neubrandenburg II"]
[BlackTeam "Motor Wolgast"]
[WhiteTeamCountry "GER"]
[BlackTeamCountry "GER"]

1. c4 f5 2. Nf3 Nf6 3. Nc3 g6 4. g3 Bg7 5. Bg2 O-O 6. O-O d6 7. d4 Qe8 8. Re1
Qf7 9. Qd3 h6 10. e3 c6 11. b3 Na6 12. Qe2 Ne4 13. Bb2 g5 14. Nxe4 fxe4 15. Nd2
Bg4 16. Qxg4 Qxf2+ 17. Kh1 Qxd2 18. Re2 Qa5 19. Qe6+ Kh8 20. Bxe4 Bf6 21. Qf5
Qxf5 22. Bxf5 Nc7 23. Rf1 Kg7 24. e4 e6 25. Bh3 e5 26. dxe5 Bxe5 27. Bxe5+ dxe5
28. Rxf8 Rxf8 29. Rd2 Rf7 30. Kg2 Ne8 31. Bf5 Nc7 32. Rd6 Rf6 33. Rd7+ Rf7 34.
Rd6 Rf6 35. Rd7+ Rf7 1/2-1/2

[Event "LLO18/19"]
[Site "Mecklenburg-Vorpommern"]
[Date "2019.03.24"]
[Round "8.4"]
[White "Winkler, Karl"]
[Black "Riebort, Frank"]
[Result "1-0"]
[WhiteElo "1759"]
[BlackElo "1870"]
[PlyCount "53"]
[EventDate "2018.??.??"]
[EventType "team-tourn"]
[EventRounds "9"]
[EventCountry "GER"]
[WhiteTeam "SG Neubrandenburg II"]
[BlackTeam "Motor Wolgast"]
[WhiteTeamCountry "GER"]
[BlackTeamCountry "GER"]

1. e4 d6 2. d4 g6 3. Nf3 Bg7 4. Bc4 Nf6 5. Nc3 O-O 6. O-O Nc6 7. h3 e5 8. dxe5
Nxe5 9. Nxe5 dxe5 10. Bg5 c6 11. Qxd8 Rxd8 12. Rfd1 Rd4 13. Bb3 Be6 14. Bxe6
fxe6 15. Be3 Rb4 16. b3 Nxe4 17. Nxe4 Rxe4 18. Rd7 a5 19. Rad1 b5 20. Rc7 a4
21. Rxc6 axb3 22. axb3 Re8 23. Rdd6 Rh4 24. Rxe6 Rxe6 25. Rxe6 Kf7 26. Rb6 b4
27. Bc5 1-0

[Event "LLO18/19"]
[Site "Mecklenburg-Vorpommern"]
[Date "2019.03.24"]
[Round "8.5"]
[White "Rosin, Ralf"]
[Black "Rehbein, Hans Juergen"]
[Result "1/2-1/2"]
[WhiteElo "1757"]
[BlackElo "1713"]
[PlyCount "66"]
[EventDate "2018.??.??"]
[EventType "team-tourn"]
[EventRounds "9"]
[EventCountry "GER"]
[WhiteTeam "Motor Wolgast"]
[BlackTeam "SG Neubrandenburg II"]
[WhiteTeamCountry "GER"]
[BlackTeamCountry "GER"]

1. d4 Nf6 2. Nf3 g6 3. c4 Bg7 4. Nc3 d6 5. e4 Nbd7 6. Be2 O-O 7. O-O c5 8. d5
a6 9. Qc2 Ne8 10. Re1 Ne5 11. Nxe5 Bxe5 12. Bh6 Bg7 13. Bxg7 Nxg7 14. Bf3 f6
15. a3 Bd7 16. a4 a5 17. Nb5 Bxb5 18. cxb5 b6 19. Qc4 Kh8 20. Ra3 Ra7 21. Bd1
Qd7 22. Rh3 e5 23. dxe6 Qxe6 24. Bb3 Re7 25. Qc1 Qc8 26. Rd3 Qc7 27. Bd5 Ne6
28. Qh6 Qd8 29. Red1 Nd4 30. Rh3 Rg7 31. Qd2 Qe7 32. Re3 Qe5 33. Rh3 Qe7
1/2-1/2

[Event "LLO18/19"]
[Site "Mecklenburg-Vorpommern"]
[Date "2019.03.24"]
[Round "8.6"]
[White "Buenz, Heinrich"]
[Black "Klotzsche, Stefan"]
[Result "0-1"]
[WhiteElo "1632"]
[BlackElo "1720"]
[PlyCount "130"]
[EventDate "2018.??.??"]
[EventType "team-tourn"]
[EventRounds "9"]
[EventCountry "GER"]
[WhiteTeam "SG Neubrandenburg II"]
[BlackTeam "Motor Wolgast"]
[WhiteTeamCountry "GER"]
[BlackTeamCountry "GER"]

1. Nf3 e6 2. c4 c6 3. g3 d5 4. cxd5 exd5 5. Bg2 Bd6 6. O-O Nf6 7. Nc3 O-O 8. d3
b5 9. a3 Bb7 10. e4 Nbd7 11. Re1 Re8 12. b4 a5 13. bxa5 Rxa5 14. Bb2 Qb6 15.
exd5 Rxe1+ 16. Qxe1 cxd5 17. Ne2 Ra8 18. Qd2 b4 19. axb4 Rxa1+ 20. Bxa1 Bxb4
21. Qa2 Bd6 22. Ned4 g6 23. Nb3 Qb5 24. Bf1 Qa6 25. Qxa6 Bxa6 26. Ne1 Ne8 27.
d4 Bxf1 28. Kxf1 f5 29. Ke2 g5 30. Ng2 Kf7 31. Bc3 h5 32. Ne3 Ke6 33. Na5 f4
34. Ng2 Nef6 35. Bd2 Kf5 36. gxf4 gxf4 37. Kf3 Ng4 38. Bxf4 Nxh2+ 39. Bxh2 Bxh2
40. Ne3+ Ke6 41. Nb7 Bc7 42. Nc2 Nf6 43. Nc5+ Kf7 44. Ne3 Ba5 45. Nf5 Be1 46.
Nd3 Bd2 47. Ne5+ Kf8 48. Ng6+ Kf7 49. Nf4 Bxf4 50. Kxf4 Nh7 51. Ke5 Nf6 52. f3
Kg6 53. Kf4 Kf7 54. Kg5 Nd7 55. Kxh5 Kf6 56. Ne3 Nb6 57. Kg4 Ke6 58. Kf4 Nc4
59. Nxc4 dxc4 60. Ke4 Kd6 61. f4 Ke6 62. f5+ Kf6 63. d5 c3 64. d6 c2 65. d7 Ke7
0-1

[Event "LLO18/19"]
[Site "Mecklenburg-Vorpommern"]
[Date "2019.03.24"]
[Round "8.7"]
[White "Schellner, Ulf"]
[Black "Mietz, Wolfgang"]
[Result "1/2-1/2"]
[WhiteElo "1647"]
[BlackElo "1714"]
[PlyCount "79"]
[EventDate "2018.??.??"]
[EventType "team-tourn"]
[EventRounds "9"]
[EventCountry "GER"]
[WhiteTeam "Motor Wolgast"]
[BlackTeam "SG Neubrandenburg II"]
[WhiteTeamCountry "GER"]
[BlackTeamCountry "GER"]

1. d4 Nf6 2. c4 g6 3. Nc3 Bg7 4. e4 d6 5. Nf3 O-O 6. Be2 c5 7. d5 e6 8. O-O Re8
9. Qc2 Na6 10. a3 Nc7 11. h3 exd5 12. exd5 Bf5 13. Bd3 Bxd3 14. Qxd3 a6 15. Be3
Nd7 16. Rab1 Ne5 17. Nxe5 Bxe5 18. g3 Qe7 19. Rbe1 Qd7 20. Kg2 b5 21. Bd2 bxc4
22. Qxc4 Rab8 23. b3 Nb5 24. Ne4 Kg7 25. Qc1 Nd4 26. Bh6+ Kh8 27. Qg5 Qe7 28.
Qxe7 Rxe7 29. Bg5 Rd7 30. Nxc5 Ra7 31. Nd3 f6 32. Bh6 Nf5 33. Nxe5 fxe5 34. Be3
Rc7 35. b4 Rc3 36. Bc1 Rb5 37. f4 Rxg3+ 38. Kh2 Rd3 39. fxe5 dxe5 40. Rxe5
1/2-1/2

[Event "LLO18/19"]
[Site "Mecklenburg-Vorpommern"]
[Date "2019.03.24"]
[Round "8.8"]
[White "Krueger, Louis"]
[Black "Reimer, Karl"]
[Result "0-1"]
[WhiteElo "1403"]
[BlackElo "1635"]
[PlyCount "50"]
[EventDate "2018.??.??"]
[EventType "team-tourn"]
[EventRounds "9"]
[EventCountry "GER"]
[WhiteTeam "SG Neubrandenburg II"]
[BlackTeam "Motor Wolgast"]
[WhiteTeamCountry "GER"]
[BlackTeamCountry "GER"]

1. d4 e6 2. c3 f5 3. f4 Nf6 4. e3 b6 5. Nf3 Be7 6. Bd3 O-O 7. O-O d6 8. Nbd2 h6
9. b3 Nd5 10. Nb1 Qe8 11. c4 Nf6 12. Bb2 Nbd7 13. Nc3 Qh5 14. Be2 Ng4 15. Qd2
Bb7 16. h3 Ngf6 17. d5 Qf7 18. Rad1 Nc5 19. Nb5 Nfe4 20. Qd4 Bf6 21. Ne5 dxe5
22. fxe5 Bg5 23. b4 Ng3 24. Rf2 Nce4 25. dxe6 Qe7 0-1

[Event "LLO18/19"]
[Site "Mecklenburg-Vorpommern"]
[Date "2019.04.07"]
[Round "9.2"]
[White "Reinke, Thomas"]
[Black "Kilp, Gunnar"]
[Result "1/2-1/2"]
[WhiteElo "1933"]
[BlackElo "1677"]
[PlyCount "62"]
[EventDate "2018.??.??"]
[EventType "team-tourn"]
[EventRounds "9"]
[EventCountry "GER"]
[WhiteTeam "Motor Wolgast"]
[BlackTeam "SAV Torgelow II"]
[WhiteTeamCountry "GER"]
[BlackTeamCountry "GER"]

1. e4 c5 2. Nc3 Nc6 3. g3 g6 4. Bg2 Bg7 5. d3 d6 6. f4 e6 7. Nf3 Nge7 8. O-O
O-O 9. Be3 Nd4 10. Qd2 Nec6 11. a3 f5 12. Rab1 a5 13. Ne2 e5 14. fxe5 Nxe2+ 15.
Qxe2 fxe4 16. dxe4 Nxe5 17. Nxe5 Bxe5 18. c3 Be6 19. Qb5 Qd7 20. Rxf8+ Kxf8 21.
Qxd7 Bxd7 22. Bf4 Ke7 23. Kf2 b5 24. Rd1 Be6 25. Ke3 c4 26. Bg5+ Kd7 27. Bf4
Ke7 28. Kd2 a4 29. Ke3 Rf8 30. Rf1 Rg8 31. h4 Rf8 1/2-1/2

[Event "LLO18/19"]
[Site "Mecklenburg-Vorpommern"]
[Date "2019.04.07"]
[Round "9.3"]
[White "Kilp, Andreas"]
[Black "Krasov, Oleksi"]
[Result "0-1"]
[WhiteElo "1683"]
[BlackElo "1900"]
[PlyCount "120"]
[EventDate "2018.??.??"]
[EventType "team-tourn"]
[EventRounds "9"]
[EventCountry "GER"]
[WhiteTeam "SAV Torgelow II"]
[BlackTeam "Motor Wolgast"]
[WhiteTeamCountry "GER"]
[BlackTeamCountry "GER"]

1. e4 c5 2. Nf3 Nc6 3. d4 cxd4 4. Nxd4 e5 5. Nb5 a6 6. Nd6+ Bxd6 7. Qxd6 Qe7 8.
Qd1 Nf6 9. Nc3 d6 10. Bg5 Be6 11. Nd5 Bxd5 12. exd5 Nb8 13. Be2 Nbd7 14. O-O h6
15. Bxf6 Nxf6 16. Re1 O-O 17. c4 a5 18. Rc1 Nd7 19. Bd3 Qg5 20. f3 Nc5 21. Bc2
b6 22. a3 a4 23. Qe2 f5 24. Rcd1 g6 25. Qe3 Qxe3+ 26. Rxe3 Kf7 27. Kf2 Kf6 28.
Rde1 Rf7 29. g3 Raa7 30. R3e2 Rfc7 31. Re3 Rab7 32. Rc3 b5 33. cxb5 Rxb5 34.
Bxa4 Rxb2+ 35. Kg1 Ra7 36. Bc6 Ra2 37. Rb1 R2xa3 38. Rxa3 Rxa3 39. Kg2 Nb3 40.
Rb2 Nd4 41. f4 Nxc6 42. dxc6 Rc3 43. Rb6 Ke6 44. fxe5 Kxe5 45. Rb5+ Ke6 46. Rb6
g5 47. h3 h5 48. Kf2 h4 49. gxh4 gxh4 50. Kg2 Ke5 51. Ra6 d5 52. Ra4 d4 53. Ra6
Ke4 54. Rb6 Rc2+ 55. Kf1 f4 56. Kg1 d3 57. Rb1 Rxc6 58. Re1+ Kf3 59. Rf1+ Kg3
60. Rd1 d2 0-1

[Event "LLO18/19"]
[Site "Mecklenburg-Vorpommern"]
[Date "2019.04.07"]
[Round "9.4"]
[White "Patzenhauer, Max"]
[Black "Schmidt, Paul1"]
[Result "1-0"]
[WhiteElo "1892"]
[BlackElo "1704"]
[PlyCount "39"]
[EventDate "2018.??.??"]
[EventType "team-tourn"]
[EventRounds "9"]
[EventCountry "GER"]
[WhiteTeam "Motor Wolgast"]
[BlackTeam "SAV Torgelow II"]
[WhiteTeamCountry "GER"]
[BlackTeamCountry "GER"]

1. d4 Nf6 2. Nf3 g6 3. Nc3 Bg7 4. e4 d6 5. Bc4 O-O 6. O-O Nbd7 7. e5 dxe5 8.
dxe5 Ng4 9. e6 Nde5 10. exf7+ Kh8 11. Nxe5 Nxe5 12. Bb3 Qxd1 13. Rxd1 Bf5 14.
Bg5 e6 15. Nb5 Nxf7 16. Be7 Rfe8 17. Rd7 Ne5 18. Rxc7 Nc6 19. Ba3 Red8 20. Nd6
1-0

[Event "LLO18/19"]
[Site "Mecklenburg-Vorpommern"]
[Date "2019.04.07"]
[Round "9.5"]
[White "Schmekel, Felix"]
[Black "Riebort, Frank"]
[Result "0-1"]
[WhiteElo "1649"]
[BlackElo "1870"]
[PlyCount "42"]
[EventDate "2018.??.??"]
[EventType "team-tourn"]
[EventRounds "9"]
[EventCountry "GER"]
[WhiteTeam "SAV Torgelow II"]
[BlackTeam "Motor Wolgast"]
[WhiteTeamCountry "GER"]
[BlackTeamCountry "GER"]

1. d4 Nf6 2. c4 g6 3. Nc3 Bg7 4. e4 d6 5. f3 O-O 6. Be3 Nc6 7. g4 e5 8. Nge2
exd4 9. Nxd4 Ne5 10. Be2 Be6 11. Nxe6 fxe6 12. g5 Nh5 13. O-O Nf4 14. h4 h6 15.
Bxf4 Rxf4 16. gxh6 Bxh6 17. Rf2 Rxh4 18. Rh2 Be3+ 19. Kh1 Rxh2+ 20. Kxh2 Qh4+
21. Kg2 Qf2+ 0-1

[Event "LLO18/19"]
[Site "Mecklenburg-Vorpommern"]
[Date "2019.04.07"]
[Round "9.6"]
[White "Rosin, Ralf"]
[Black "Schmekel, Matthias"]
[Result "1-0"]
[WhiteElo "1757"]
[BlackElo "1588"]
[PlyCount "91"]
[EventDate "2018.??.??"]
[EventType "team-tourn"]
[EventRounds "9"]
[EventCountry "GER"]
[WhiteTeam "Motor Wolgast"]
[BlackTeam "SAV Torgelow II"]
[WhiteTeamCountry "GER"]
[BlackTeamCountry "GER"]

1. d4 f5 2. c4 Nf6 3. Nc3 g6 4. Nf3 d6 5. Qb3 Bg7 6. Bf4 Nh5 7. e3 Nc6 8. Rd1
Nxf4 9. exf4 b6 10. Be2 Na5 11. Qc2 O-O 12. O-O Ba6 13. b3 Rc8 14. Ng5 Qd7 15.
Bf3 c6 16. Rfe1 Rf6 17. d5 h6 18. dxc6 Nxc6 19. Bd5+ Kh8 20. Be6 Rxe6 21. Nxe6
Nb4 22. Qd2 Bf6 23. a3 Nc6 24. Nd5 Bg7 25. Nxg7 Kxg7 26. Qe3 e5 27. fxe5 Nxe5
28. f4 Nf7 29. Qd4+ Kf8 30. Qf6 Re8 31. Qc3 Bb7 32. Nf6 Rxe1+ 33. Rxe1 Qc6 34.
Re8+ Qxe8 35. Nxe8 Kxe8 36. Qf6 Be4 37. Qxg6 Ke7 38. g4 Bc2 39. gxf5 Bxb3 40.
Qe6+ Kf8 41. f6 Ba4 42. Qe7+ Kg8 43. Qxa7 b5 44. Qb8+ Kh7 45. Qf8 bxc4 46. Qg7#
1-0

[Event "LLO18/19"]
[Site "Mecklenburg-Vorpommern"]
[Date "2019.04.07"]
[Round "9.7"]
[White "Wolfgramm, Theo"]
[Black "Klotzsche, Stefan"]
[Result "1/2-1/2"]
[WhiteElo "1648"]
[BlackElo "1720"]
[PlyCount "59"]
[EventDate "2018.??.??"]
[EventType "team-tourn"]
[EventRounds "9"]
[EventCountry "GER"]
[WhiteTeam "SAV Torgelow II"]
[BlackTeam "Motor Wolgast"]
[WhiteTeamCountry "GER"]
[BlackTeamCountry "GER"]

1. e4 c5 2. Nf3 a6 3. c3 e6 4. d4 cxd4 5. cxd4 d6 6. Be2 Nf6 7. Nc3 Be7 8. Qc2
O-O 9. Bf4 Nc6 10. a3 Bd7 11. O-O b5 12. Bd3 Nxd4 13. Nxd4 e5 14. Be3 exd4 15.
Bxd4 h6 16. Rfe1 Rc8 17. Qd2 Be6 18. h3 Nd7 19. b4 Ne5 20. Be2 Nc4 21. Bxc4
Rxc4 22. Be3 Bf6 23. Rac1 Bxc3 24. Rxc3 Rxe4 25. Rd1 d5 26. Bxh6 gxh6 27. Qxh6
Bf5 28. Rg3+ Bg6 29. Rxg6+ fxg6 30. Qxg6+ 1/2-1/2

[Event "LLO18/19"]
[Site "Mecklenburg-Vorpommern"]
[Date "2019.04.07"]
[Round "9.8"]
[White "Schellner, Ulf"]
[Black "Plock, Joerg"]
[Result "1-0"]
[WhiteElo "1647"]
[BlackElo "1536"]
[PlyCount "47"]
[EventDate "2018.??.??"]
[EventType "team-tourn"]
[EventRounds "9"]
[EventCountry "GER"]
[WhiteTeam "Motor Wolgast"]
[BlackTeam "SAV Torgelow II"]
[WhiteTeamCountry "GER"]
[BlackTeamCountry "GER"]

1. d4 d5 2. c4 e6 3. Nc3 Nf6 4. Bg5 Be7 5. Nf3 O-O 6. e3 Nbd7 7. Rc1 c6 8. Bd3
dxc4 9. Bxc4 Nb6 10. Bd3 Nfd5 11. Bxe7 Qxe7 12. O-O f6 13. Qb3 Rb8 14. Na4 Nxa4
15. Qxa4 a6 16. a3 Bd7 17. Qb3 Rfc8 18. Bb1 b5 19. Qd3 g6 20. Ba2 Kg7 21. Nd2
f5 22. Nf3 c5 23. dxc5 Rxc5 24. Qd4+ 1-0

[Event "LLO18/19"]
[Site "Mecklenburg-Vorpommern"]
[Date "2019.04.07"]
[Round "9.1"]
[White "Winkler, Karl"]
[Black "Schamber, Dennis"]
[Result "0-1"]
[WhiteElo "1759"]
[BlackElo "1770"]
[PlyCount "86"]
[EventDate "2018.??.??"]
[EventType "team-tourn"]
[EventRounds "9"]
[EventCountry "GER"]
[WhiteTeam "SG Neubrandenburg II"]
[BlackTeam "Makkabi Rostock"]
[WhiteTeamCountry "GER"]
[BlackTeamCountry "GER"]

1. e4 {[%emt 0:00:00]} c5 2. Nf3 e6 3. d4 cxd4 4. Nxd4 a6 5. Nc3 Qc7 6. Be2 Nf6
7. a3 b5 8. f3 Bb7 9. O-O d5 10. exd5 Nxd5 11. Nxd5 Bxd5 12. Kh1 Bd6 13. f4 (
13. Bxb5+ axb5 14. Nxb5 Qc5 15. Nxd6+ Qxd6 16. c4 O-O 17. cxd5 exd5) 13... O-O
14. Bf3 Bxf3 15. Qxf3 Nd7 16. c3 Rfe8 17. Qc6 Qxc6 18. Nxc6 Rac8 19. Nd4 Nb6
20. Nf3 Red8 21. Re1 Rd7 22. Ne5 Bxe5 23. fxe5 Nc4 24. Rb1 Nxe5 25. Be3 Nc4 26.
Bd4 Rd5 27. b3 Nxa3 28. Rb2 b4 29. Ra2 bxc3 30. Bxc3 Rxc3 31. Rxa3 g6 32. Rxa6
Rxb3 33. Ra7 Rb2 34. Rf1 Rf5 35. Kg1 Rxf1+ 36. Kxf1 Kg7 37. h3 e5 38. Kg1 h5
39. h4 Rb4 40. g3 Rb2 41. Ra4 Kf6 42. Re4 Kf5 43. Re3 Kg4 0-1

[Event "LLO18/19"]
[Site "Mecklenburg-Vorpommern"]
[Date "2019.04.07"]
[Round "9.2"]
[White "Markovych, Illya"]
[Black "Buenz, Heinrich"]
[Result "1-0"]
[WhiteElo "1899"]
[BlackElo "1632"]
[PlyCount "107"]
[EventDate "2018.??.??"]
[EventType "team-tourn"]
[EventRounds "9"]
[EventCountry "GER"]
[WhiteTeam "Makkabi Rostock"]
[BlackTeam "SG Neubrandenburg II"]
[WhiteTeamCountry "GER"]
[BlackTeamCountry "GER"]

1. e4 e5 2. Nf3 Nc6 3. d4 exd4 4. Nxd4 Qf6 5. Nb5 Bc5 6. f3 Bb6 7. N1c3 Nge7 8.
Qe2 O-O 9. Be3 Ba5 10. Qd3 a6 11. Nd4 Ne5 12. Qd2 b5 13. Bg5 Qd6 14. Ndxb5
Qxd2+ 15. Kxd2 N7c6 16. Na3 f5 17. Nc4 fxe4 18. Nxa5 Nxa5 19. Nxe4 Bb7 20. Bd3
d6 21. b3 Rf5 22. Be3 Rd8 23. Ng3 Rf7 24. Bg5 Rdf8 25. Kc3 Nac6 26. Be4 Na5 27.
Rad1 Bxe4 28. Nxe4 Nac6 29. Be3 Ng6 30. Rhe1 Nce7 31. Ng5 Rf5 32. Ne6 Rc8 33.
Bd4 Nd5+ 34. Kb2 Nf6 35. Bc3 Kf7 36. g4 Rb5 37. a4 Rb7 38. Nxg7 Kxg7 39. g5 Rf8
40. Bxf6+ Kf7 41. Rd4 Rbb8 42. Rde4 Rbe8 43. Kc3 c6 44. Kd4 Rb8 45. Re6 c5+ 46.
Kc3 d5 47. Rxa6 Rb7 48. Rc6 Nh4 49. Rxc5 Nxf3 50. Rf1 Nxh2 51. Rh1 d4+ 52. Bxd4
Kg6 53. Rxh2 Rbf7 54. Rh6# 1-0

[Event "LLO18/19"]
[Site "Mecklenburg-Vorpommern"]
[Date "2019.04.07"]
[Round "9.3"]
[White "Mietz, Wolfgang"]
[Black "Reznik, Leonid"]
[Result "0-1"]
[WhiteElo "1714"]
[BlackElo "1879"]
[PlyCount "80"]
[EventDate "2018.??.??"]
[EventType "team-tourn"]
[EventRounds "9"]
[EventCountry "GER"]
[WhiteTeam "SG Neubrandenburg II"]
[BlackTeam "Makkabi Rostock"]
[WhiteTeamCountry "GER"]
[BlackTeamCountry "GER"]

1. d4 Nf6 2. Nf3 g6 3. c4 Bg7 4. Nc3 O-O 5. e4 d6 6. Be2 e5 7. d5 Nbd7 8. Bd2
Nc5 9. Qc2 a5 10. O-O Ne8 11. Ne1 f5 12. f3 f4 13. Nd3 h5 14. Nxc5 dxc5 15. Be1
Nd6 16. Bf2 b6 17. Rad1 g5 18. h3 g4 19. fxg4 hxg4 20. Bxg4 Bxg4 21. hxg4 Qg5
22. Qe2 Kf7 23. Rd3 Nxc4 24. Rh3 Nd6 25. Bh4 Qg6 26. g5 Rh8 27. Re1 Qh5 28. Kf2
Qxe2+ 29. Kxe2 Rh5 30. b3 Rah8 31. Reh1 Kg6 32. Kf3 Bf8 33. g3 fxg3 34. Kxg3
Be7 35. Kg4 Rf8 36. Rf3 Rxf3 37. Kxf3 Bxg5 38. Kg4 Rxh4+ 39. Rxh4 Bxh4 40. Kxh4
b5 0-1

[Event "LLO18/19"]
[Site "Mecklenburg-Vorpommern"]
[Date "2019.04.07"]
[Round "9.4"]
[White "Petrow, Jonas"]
[Black "Peters, Hans Joachim"]
[Result "1-0"]
[WhiteElo "1611"]
[BlackElo "1592"]
[PlyCount "87"]
[EventDate "2018.??.??"]
[EventType "team-tourn"]
[EventRounds "9"]
[EventCountry "GER"]
[WhiteTeam "Makkabi Rostock"]
[BlackTeam "SG Neubrandenburg II"]
[WhiteTeamCountry "GER"]
[BlackTeamCountry "GER"]

1. d4 Nf6 2. c4 e6 3. Nf3 b6 4. g3 Bb7 5. Bg2 Be7 6. Nc3 Ne4 7. Qc2 Nxc3 8.
bxc3 f5 9. O-O O-O 10. Qb3 Nc6 11. Nd2 Na5 12. Qa4 Bxg2 13. Kxg2 d6 14. Nb3
Nxb3 15. axb3 a5 16. Qc6 Ra7 17. Re1 Qa8 18. Qxa8 Raxa8 19. d5 e5 20. e4 g6 21.
Ra2 Bf6 22. f3 h5 23. Be3 Kg7 24. Rea1 Rab8 25. b4 axb4 26. Ra7 Rf7 27. cxb4
fxe4 28. fxe4 Kf8 29. Ra8 Rxa8 30. Rxa8+ Kg7 31. c5 dxc5 32. bxc5 bxc5 33. Bxc5
Be7 34. Be3 Bd6 35. Re8 Re7 36. Rb8 Rf7 37. Re8 Rf8 38. Rxf8 Bxf8 39. g4 hxg4
40. Kg3 Kf7 41. Kxg4 Be7 42. Bg5 Bc5 43. Bd8 Bb6 44. d6 1-0

[Event "LLO18/19"]
[Site "Mecklenburg-Vorpommern"]
[Date "2019.04.07"]
[Round "9.5"]
[White "Hartung, Lothar"]
[Black "Roeste, Stein"]
[Result "1/2-1/2"]
[WhiteElo "1774"]
[BlackElo "1538"]
[PlyCount "60"]
[EventDate "2018.??.??"]
[EventType "team-tourn"]
[EventRounds "9"]
[EventCountry "GER"]
[WhiteTeam "SG Neubrandenburg II"]
[BlackTeam "Makkabi Rostock"]
[WhiteTeamCountry "GER"]
[BlackTeamCountry "GER"]

1. d4 d5 2. Nf3 Nf6 3. e3 Bg4 4. h3 Bh5 5. Bd3 Nc6 6. c3 Qd6 7. Nbd2 e5 8. dxe5
Nxe5 9. Qa4+ c6 10. Nxe5 Qxe5 11. Qd4 Bd6 12. Qxe5+ Bxe5 13. O-O Bg6 14. Bxg6
hxg6 15. Nf3 Nd7 16. Bd2 f5 17. Rac1 Bf6 18. b3 Ne5 19. Nxe5 Bxe5 20. c4 Rd8
21. Ba5 b6 22. Bc3 d4 23. exd4 Bxd4 24. Rfe1+ Kf7 25. Bxd4 Rxd4 26. Rc2 Rhd8
27. Rce2 R8d7 28. Kh2 a5 29. Re6 R4d6 30. Re8 Rd2 1/2-1/2